20 największych miast w województwie mazowieckim - Statystyki

Ogólne statystyki
  • Ten quiz został rozwiązany 384 razy
  • Średni wynik to 14 z 20
Statystyki odpowiedzi
L.p. Populacja Miasto % Poprawnych
1 1729119 Warszawa
100%
2 217834 Radom
96%
3 122572 Płock
93%
5 59796 Pruszków
85%
4 76585 Siedlce
84%
6 54246 Legionowo
78%
7 52792 Ostrołęka
78%
12 40028 Mińsk Mazowiecki
72%
8 45270 Piaseczno
71%
9 45073 Otwock
70%
10 44673 Ciechanów
68%
13 37418 Wołomin
66%
11 41056 Żyrardów
62%
18 29395 Marki
61%
19 28361 Nowy Dwór Mazowiecki
61%
17 29988 Grodzisk Mazowiecki
60%
15 32376 Ząbki
60%
14 37333 Sochaczew
59%
16 30893 Mława
56%
20 27205 Wyszków
47%
Nie znaleziono quizów pasujących do podanych kryteriów
Rozkład punktacji
Procent ludzi z każdym wynikiem
Percentyl według liczby udzielonych odpowiedzi
Twoja historia wyników
Nie rozwiązałeś tego quizu